| 000 | 00766nam a2200205 a 4500 | ||
|---|---|---|---|
| 003 | 0 | ||
| 005 | 20250317093744.0 | ||
| 008 | 071127s19uu xx 00 eng d | ||
| 050 |
_aPGS SB 349.P47.A77 _b.K22 2007 |
||
| 100 | _aKawashiro, Keir Joseph. | ||
| 245 |
_aThe effects of phosphorus and arsenic on the growth of tomato plants / _cKeir Joseph Kawashiro. |
||
| 260 |
_aLas PiƱas City, Philippines : _bSouthville International School and Colleges, _c2007. |
||
| 300 |
_a35 pages : _billustrations ; _c28 cm. |
||
| 504 | _aIncludes bibliographical references. | ||
| 650 |
_aTomatoes _vGrowth. |
||
| 650 | _aPhosphorus in agriculture. | ||
| 650 |
_aArsenic _vEnvironmental aspects. |
||
| 650 |
_aSoil pollution _vEffects on plants. |
||
| 942 |
_2lcc _cPASS |
||
| 999 |
_c97724 _d97724 |
||